Đến với thơ Quang Dũng
সংরক্ষণ করুন:
| প্রধান লেখক: | |
|---|---|
| বিন্যাস: | গ্রন্থ |
| ভাষা: | Undetermined |
| প্রকাশিত: |
H.
Thanh niên
2003
|
| বিষয়গুলি: | |
| অনলাইন ব্যবহার করুন: | http://lrc.tdmu.edu.vn/opac/search/detail.asp?aID=2&ID=3318 |
| ট্যাগগুলো: |
ট্যাগ যুক্ত করুন
কোনো ট্যাগ নেই, প্রথমজন হিসাবে ট্যাগ করুন!
|
| Thư viện lưu trữ: | Trung tâm Học liệu Trường Đại học Thủ Dầu Một |
|---|
| LEADER | 00712nam a2200193Ia 4500 | ||
|---|---|---|---|
| 001 | TDMU_3318 | ||
| 008 | 210410s9999 xx 000 0 und d | ||
| 082 | |a 895.9221009 | ||
| 090 | |b N4993 | ||
| 100 | |a Ngô, Viết Dinh | ||
| 245 | 0 | |a Đến với thơ Quang Dũng | |
| 245 | 0 | |c Ngô Viết Dinh (ch. và b.t.) | |
| 260 | |a H. | ||
| 260 | |b Thanh niên | ||
| 260 | |c 2003 | ||
| 300 | |a 537tr. | ||
| 650 | |a Quang Dũng |x Tác phẩm; Thi ca Việt |x Phê bình; Văn học Việt Nam |x Thi ca |x Phê bình; Tác gia văn học |x Quang Dũng | ||
| 856 | |u http://lrc.tdmu.edu.vn/opac/search/detail.asp?aID=2&ID=3318 | ||
| 980 | |a Trung tâm Học liệu Trường Đại học Thủ Dầu Một | ||